000
00293nam a2200121Ia 4500
008
190723s9999 xx 000 0 und d
020
_a
978-81-219-2300-2
100
_a
Khanka S.S
245
0
_a
Human Resource Management
260
_a
New Delhi
_b
S.chand
_c
2008
300
_a
449.:p
942
_c
BK
999
_c
1832
_d
1832